Teaching and learning english as a foreing language

Gespeichert in:
Bibliographische Detailangaben
1. Verfasser: Fries, Charles C.
Format: Buch
Sprache:Undetermined
Veröffentlicht: Estados Unidos Ann Arbor 1953
Schlagworte:
Tags: Tag hinzufügen
Keine Tags, Fügen Sie den ersten Tag hinzu!

MARC

LEADER 00000nam a2200000Ia 4500
008 170316s9999 xx 000 0 und d
090 |a 410 F-9t 
100 |a Fries, Charles C. 
245 |a Teaching and learning english as a foreing language 
260 |a Estados Unidos 
260 |b Ann Arbor 
260 |c 1953 
300 |a 153 páginas 
650 |a LINGÜÍSTICA 
999 |c 18384  |d 18384 
040 |a cru BVZT 
942 |c 15 D  |h 410 F-9t  |2 z